| 000 | 00720cam a2200193 4500 | ||
|---|---|---|---|
| 001 | WS114600 | ||
| 008 | 010917n 000 0 eng u | ||
| 035 | _a(Sirsi) u114600 | ||
| 245 | _aParliament Today | ||
| 520 | _aWeb site describing itself as 'a one-stop-shop for news and information about the UK Parliament, government and politics'. Includes press releases, a weekly diary and an A-Z of Parliamentary information. | ||
| 650 | _aGOVERNMENT | ||
| 650 |
_aDISPUTE RESOLUTION _96236 |
||
| 650 | _aPARLIAMENT | ||
| 650 | _aHOUSE OF COMMONS | ||
| 650 | _aHOUSE OF LORDS | ||
| 690 | _aLAW | ||
| 856 | 4 | 0 |
_uhttps://www.parliamenttoday.com _zView the website free of charge at www.parliamenttoday.com... |
| 942 | _n0 | ||
| 999 |
_c119881 _d119881 |
||